| 000 | 00508nam a2200181 a 4500 | ||
|---|---|---|---|
| 005 | 20140310183135.0 | ||
| 008 | 020819s19uu xx 00 eng d | ||
| 020 | _a0256225575 | ||
| 050 |
_aTS 155 _b.D248 1999 |
||
| 100 | _aDavis, Mark M. | ||
| 245 |
_aFundamentals of operations management / _cMark M. Davis. |
||
| 260 |
_aSingapore : _bMcGraw-Hill Inc., _c1999. |
||
| 300 |
_a600 p. : _bill. ; _c25 cm. |
||
| 521 | _aBSBA | ||
| 650 | _aProduction management | ||
| 942 |
_cBK _2lcc _kFOR |
||
| 999 |
_c19269 _d19269 |
||